<?xml version="1.0" encoding="UTF-8"?>
<record
    xmlns:xsi="http://www.w3.org/2001/XMLSchema-instance"
    xsi:schemaLocation="http://www.loc.gov/MARC21/slim http://www.loc.gov/standards/marcxml/schema/MARC21slim.xsd"
    xmlns="http://www.loc.gov/MARC21/slim">

  <leader>02049nam a2200337 u 4500</leader>
  <controlfield tag="001">000000354054</controlfield>
  <controlfield tag="003">IT-MiSPE</controlfield>
  <controlfield tag="005">20220913161700.0</controlfield>
  <controlfield tag="008">070314s2002    it abch       00100 ita d</controlfield>
  <datafield tag="020" ind1=" " ind2=" ">
    <subfield code="a">9788815138903</subfield>
    <subfield code="c">29.00 EUR</subfield>
  </datafield>
  <datafield tag="040" ind1=" " ind2=" ">
    <subfield code="a">IT-MiSPE</subfield>
    <subfield code="b">ita</subfield>
    <subfield code="c">IT-MiSPE</subfield>
  </datafield>
  <datafield tag="041" ind1=" " ind2=" ">
    <subfield code="a">ita</subfield>
  </datafield>
  <datafield tag="082" ind1=" " ind2=" ">
    <subfield code="a">302.9-BRI as st (axa 23316)</subfield>
  </datafield>
  <datafield tag="100" ind1="1" ind2=" ">
    <subfield code="a">Briggs, Asa,</subfield>
    <subfield code="d">1921-2016</subfield>
    <subfield code="9">59084</subfield>
  </datafield>
  <datafield tag="110" ind1=" " ind2=" ">
    <subfield code="4">Burke, Peter</subfield>
  </datafield>
  <datafield tag="240" ind1="1" ind2="2">
    <subfield code="a">A Social History of the Media. From Gutenberg to the Internet</subfield>
    <subfield code="l">eng</subfield>
  </datafield>
  <datafield tag="245" ind1="1" ind2="0">
    <subfield code="a">Storia sociale dei media :</subfield>
    <subfield code="b">da Gutenberg a internet /</subfield>
    <subfield code="c">Asa Briggs, Peter Burke.</subfield>
  </datafield>
  <datafield tag="260" ind1=" " ind2=" ">
    <subfield code="a">Bologna :</subfield>
    <subfield code="b">Il Mulino,</subfield>
    <subfield code="c">&#xA9;2002 - 2010 (3a edizione aggiornata)</subfield>
  </datafield>
  <datafield tag="300" ind1=" " ind2=" ">
    <subfield code="a">510 p., [8] p. di tav. :</subfield>
    <subfield code="b">c. geogr., ritr., facs. ;</subfield>
    <subfield code="c">21 cm</subfield>
  </datafield>
  <datafield tag="490" ind1="1" ind2=" ">
    <subfield code="a">Le vie della civilt&#xE0;</subfield>
  </datafield>
  <datafield tag="500" ind1=" " ind2=" ">
    <subfield code="a">Tit. orig.: A Social History of Media. From Gutenberg to the Internet.</subfield>
  </datafield>
  <datafield tag="504" ind1=" " ind2=" ">
    <subfield code="a">Cronologia dei media (pp. [455]-467), bibliografia (pp. [471]-496) e indice.</subfield>
  </datafield>
  <datafield tag="520" ind1=" " ind2=" ">
    <subfield code="a">Questo volume d&#xE0; una profondit&#xE0; storica ai media, collegandoli in una complessiva storia della comunicazione, a partire dall'invenzione della stampa nel Quattrocento. Burke passa in rassegna i diversi "mezzi di comunicazione" dell'et&#xE0; moderna (la stampa ma anche la posta, la predicazione, la canzone, le chiacchiere, il caff&#xE8;, l'immagine, il teatro) mostrando come essi abbiano determinato la formazione di una sfera pubblica. Briggs poi racconta la grande crescita otto-novecentesca dei mezzi di comunicazione, secondo una visione allargata che include l'invenzione del motore a vapore, lo sviluppo delle ferrovie, della navigazione, del telegrafo, della posta, fino all'odierno sistema dei mass media.</subfield>
  </datafield>
  <datafield tag="546" ind1=" " ind2=" ">
    <subfield code="a">Traduzione di Erica Joy Mannucci e Domenico Giusti.</subfield>
  </datafield>
  <datafield tag="655" ind1=" " ind2="7">
    <subfield code="a">Comunicazione sociale. Generalit&#xE0;</subfield>
    <subfield code="x">Storia della comunicazione sociale.</subfield>
    <subfield code="2">local</subfield>
    <subfield code="9">59085</subfield>
  </datafield>
  <datafield tag="700" ind1="1" ind2=" ">
    <subfield code="a">Burke, Peter,</subfield>
    <subfield code="d">1937-</subfield>
    <subfield code="9">59086</subfield>
  </datafield>
  <datafield tag="830" ind1=" " ind2="3">
    <subfield code="a">Le vie della civilt&#xE0;.</subfield>
    <subfield code="9">58361</subfield>
  </datafield>
  <datafield tag="942" ind1=" " ind2=" ">
    <subfield code="2">ddc</subfield>
    <subfield code="c">BK</subfield>
  </datafield>
  <datafield tag="999" ind1=" " ind2=" ">
    <subfield code="c">359419</subfield>
    <subfield code="d">359419</subfield>
  </datafield>
  <datafield tag="952" ind1=" " ind2=" ">
    <subfield code="0">0</subfield>
    <subfield code="1">0</subfield>
    <subfield code="2">ddc</subfield>
    <subfield code="4">0</subfield>
    <subfield code="6">302_000000000000000_9BRI_AS_ST_PAU_23316</subfield>
    <subfield code="7">1</subfield>
    <subfield code="a">CINISELLO</subfield>
    <subfield code="b">CINISELLO</subfield>
    <subfield code="d">2022-02-25</subfield>
    <subfield code="l">0</subfield>
    <subfield code="o">302.9-BRI as st (pau 23316)</subfield>
    <subfield code="p">9788815138903</subfield>
    <subfield code="r">2022-02-25 00:00:00</subfield>
    <subfield code="w">2022-02-25</subfield>
    <subfield code="y">BK</subfield>
  </datafield>
</record>
